[Event "New West op"]
[Site "New Westminster"]
[Date "2017.10.07"]
[Round "1.1"]
[White "Wu, Lucian"]
[Black "Nunez Asencio, Jorge"]
[Result "0-1"]
[WhiteElo "1903"]
[BlackElo "2263"]
[PlyCount "108"]
[EventDate "2017.10.07"]
[EventType "swiss"]
[EventRounds "6"]
[EventCountry "CAN"]

1. d4 Nf6 2. c4 e6 3. Nc3 Bb4 4. Qc2 O-O 5. a3 Bxc3+ 6. Qxc3 b6 7. Nf3 Bb7 8.
Bg5 d6 9. e3 Nbd7 10. Bd3 h6 11. Bh4 Qe8 12. O-O Ne4 13. Qc2 f5 14. Nd2 Qh5 15.
Bxe4 Bxe4 16. Nxe4 Qxh4 17. Ng3 Nf6 18. d5 Ng4 19. h3 Nxe3 20. fxe3 Qxg3 21.
Rf3 Qe5 22. Raf1 Rf6 23. R1f2 Raf8 24. dxe6 Qxe6 25. Qa4 a5 26. Qc6 R8f7 27. b4
axb4 28. axb4 Qe4 29. Qb5 Qe5 30. Qa6 Kh7 31. Qa3 Re7 32. Qd3 Qe4 33. Qb3 Rfe6
34. Re2 g6 35. Kh1 Qc6 36. Ref2 Re4 37. Rc2 Qe8 38. Rc3 Qf7 39. Kg1 Qe6 40. Kf2
h5 41. Qc2 f4 42. Qe2 Kg7 43. Qd3 Rxe3 44. Rxe3 Qxe3+ 45. Qxe3 Rxe3 46. Rxe3
fxe3+ 47. Kxe3 Kf6 48. Ke4 c6 49. g3 Ke6 50. Kd4 d5 51. c5 b5 52. Ke3 Ke5 53.
Kd3 d4 54. h4 Kd5 0-1

[Event "New West op"]
[Site "New Westminster"]
[Date "2017.10.07"]
[Round "1.3"]
[White "Landingin, Jofrel"]
[Black "Kenney, Jason"]
[Result "0-1"]
[WhiteElo "1895"]
[BlackElo "2228"]
[PlyCount "76"]
[EventDate "2017.10.07"]
[EventType "swiss"]
[EventRounds "6"]
[EventCountry "CAN"]

1. Nf3 Nf6 2. g3 g6 3. Bg2 Bg7 4. d4 O-O 5. O-O d6 6. Nbd2 Na6 7. c3 c5 8. e4
Rb8 9. a4 cxd4 10. cxd4 Nb4 11. Qb3 a5 12. Re1 Be6 13. d5 Bg4 14. Nc4 Nd7 15.
Be3 Rc8 16. Nfd2 Nc5 17. Bxc5 Rxc5 18. h3 Bd7 19. Kh2 Qc7 20. Bf1 Rb8 21. Na3
Nc2 22. Bd3 Nxa1 23. Rxa1 Rc1 24. Rxc1 Qxc1 25. Ndc4 Qe1 26. Qc2 Bxa4 27. b3
Bxb3 28. Qxb3 Qxf2+ 29. Kh1 Qf3+ 30. Kh2 Bd4 31. h4 h5 32. Qb1 Bf2 33. Qf1
Qxg3+ 34. Kh1 Qxh4+ 35. Kg2 Qg3+ 36. Kh1 b5 37. Nb2 Rc8 38. Nxb5 Rc1 0-1

[Event "New West op"]
[Site "New Westminster"]
[Date "2017.10.07"]
[Round "1.4"]
[White "Jacobsen, Henrik"]
[Black "Lehingrat, Callum"]
[Result "1-0"]
[WhiteElo "1968"]
[BlackElo "1823"]
[PlyCount "135"]
[EventDate "2017.10.07"]
[EventType "swiss"]
[EventRounds "6"]
[EventCountry "CAN"]

1. Nf3 Nf6 2. d4 e6 3. Bf4 c5 4. c3 Nc6 5. Nbd2 d5 6. e3 Bd6 7. Ne5 Qc7 8. Bb5
O-O 9. Bxc6 bxc6 10. Qa4 Rb8 11. Rb1 cxd4 12. cxd4 c5 13. O-O Rb4 14. Qc2 cxd4
15. Qxc7 Bxc7 16. Nc6 Rb7 17. Bxc7 Rxc7 18. Nxd4 Ba6 19. Rfc1 Rfc8 20. N4b3 Nd7
21. Rxc7 Rxc7 22. Rc1 Rxc1+ 23. Nxc1 Ne5 {=} 24. f3 Kf8 25. Kf2 Ke7 26. e4 Kd6
27. Ke3 Nc4+ 28. Nxc4+ Bxc4 29. b3 Bf1 30. g3 Kc5 31. a3 d4+ 32. Kd2 e5 33. Ke1
Bb5 34. Kd2 Bf1 35. Ke1 Bb5 36. Kd2 {=} a5 37. Kc2 g6 38. g4 a4 39. b4+ Kd6 40.
g5 Kc6 41. Kd2 Bf1 42. Nd3 Kd6 43. Nf2 Ke6 44. Ng4 Bg2 45. Ke2 d3+ 46. Kxd3
Bxf3 47. Nf6 h6 48. h4 hxg5 49. hxg5 Kd6 50. Nd5 Bd1 51. Ne3 Bb3 52. Kc3 Be6
53. Nc4+ Kc6 54. Nxe5+ Kb5 55. Kd4 Bb3 56. Nd3 Bc4 57. Nc5 Ba2 58. Ke5 Bb3 59.
Kf6 Kc6 60. e5 Kd5 61. Kxf7 Kxe5+ 62. Kxg6 Kd4 63. Kf6 Kc3 64. g6 Kb2 65. Nxb3
axb3 66. g7 Kxa3 67. g8=Q b2 68. Qg1 1-0

[Event "New West op"]
[Site "New Westminster"]
[Date "2017.10.07"]
[Round "1.5"]
[White "Igharas, Gilberto"]
[Black "Ferguson, Peter"]
[Result "0-1"]
[WhiteElo "1928"]
[BlackElo "2023"]
[PlyCount "66"]
[EventDate "2017.10.07"]
[EventType "swiss"]
[EventRounds "6"]
[EventCountry "CAN"]

1. c4 g6 2. Nc3 Bg7 3. g3 e5 4. Bg2 Nh6 5. e3 d6 6. Nge2 f5 7. d3 c6 8. Rb1 a5
9. O-O O-O 10. a3 g5 11. b4 axb4 12. axb4 f4 13. exf4 gxf4 14. gxf4 Qh4 15. f3
exf4 16. Qe1 Qe7 17. Bxf4 Rxf4 18. Nxf4 Be5 19. Kh1 Nf5 20. Nh5 Ra3 21. Rc1
Bxc3 22. Rxc3 Qxe1 23. Rxa3 Qh4 24. Rg1 Kf7 25. Ra8 Qxh5 26. Rga1 Ne3 27. Rxb8
Bh3 28. Rxb7+ Kf6 29. Raa7 Bxg2+ 30. Kg1 Bxf3 31. Kf2 Nd1+ 32. Ke1 Qe5+ 33. Kd2
Qc3# 0-1

[Event "New West op"]
[Site "New Westminster"]
[Date "2017.10.07"]
[Round "1.6"]
[White "Salcedo, Daniel E"]
[Black "Escandor, Manuel Omana"]
[Result "1-0"]
[WhiteElo "1954"]
[BlackElo "1804"]
[PlyCount "93"]
[EventDate "2017.10.07"]
[EventType "swiss"]
[EventRounds "6"]
[EventCountry "CAN"]

1. d4 d5 2. c4 dxc4 3. Nf3 Nf6 4. e3 Bg4 5. Bxc4 c6 6. Bxf7+ Kxf7 7. Ne5+ Ke8
8. Nxg4 Qa5+ 9. Nc3 Ne4 10. Ne5 Nd7 11. Nxd7 Nxc3 12. bxc3 Kxd7 13. Qb3 b6 14.
O-O e6 15. e4 Qh5 16. d5 exd5 17. exd5 Bd6 18. dxc6+ Kc7 19. g3 Rhf8 20. Ba3
Rad8 21. Qa4 a5 22. Rad1 Bxa3 23. Rxd8 Rxd8 24. Qxa3 Rd6 25. Qa4 Rh6 26. Qf4+
Kxc6 27. h4 Rf6 28. Qe4+ Kc7 29. Qe7+ Kc6 30. Qxg7 Rg6 31. Qe7 Qc5 32. Qxc5+
Kxc5 33. Re1 Kc4 34. Re3 Kb5 35. Kg2 Ka4 36. f4 Ka3 37. Re2 b5 38. Kf3 Rc6 39.
f5 Rxc3+ 40. Re3 b4 41. f6 Kxa2 42. f7 Rc1 43. Re2+ Ka1 44. f8=Q Rf1+ 45. Rf2
Rxf2+ 46. Kxf2 Ka2 47. Qc5 1-0

[Event "New West op"]
[Site "New Westminster"]
[Date "2017.10.07"]
[Round "1.7"]
[White "Gu, Chuyang"]
[Black "Tian, Shi Yuan \[Sherry\]"]
[Result "0-1"]
[WhiteElo "1775"]
[BlackElo "1953"]
[PlyCount "70"]
[EventDate "2017.10.07"]
[EventType "swiss"]
[EventRounds "6"]
[EventCountry "CAN"]

1. e4 e6 2. d4 d5 3. Nc3 dxe4 4. Nxe4 Nd7 5. Nf3 Ngf6 6. Nxf6+ Nxf6 7. Bd3 c5
8. c3 cxd4 9. Nxd4 Bc5 10. O-O h6 11. Be3 Bb6 12. Qc2 O-O 13. Rad1 Bd7 14. Qe2
Nd5 15. Bc1 Bxd4 16. cxd4 Bc6 17. f4 Qb6 18. Kh1 Rfe8 19. Bb1 Nf6 20. Qe1 Rad8
21. Qe3 Bd5 22. b3 a5 23. Qg3 a4 24. f5 exf5 25. Rxf5 Ne4 26. Qf3 Qc6 27. Qd3
g6 28. Rff1 Nc3 29. Rd2 Be4 30. Qg3 Bxb1 31. Rdf2 Ne4 32. Qf4 Nxf2+ 33. Qxf2
Bf5 34. Bxh6 Qe4 35. Be3 Qxe3 0-1

[Event "New West op"]
[Site "New Westminster"]
[Date "2017.10.07"]
[Round "2.2"]
[White "Nunez Asencio, Jorge"]
[Black "Jacobsen, Henrik"]
[Result "1-0"]
[WhiteElo "2263"]
[BlackElo "1968"]
[PlyCount "57"]
[EventDate "2017.10.07"]
[EventType "swiss"]
[EventRounds "6"]
[EventCountry "CAN"]

1. d4 Nf6 2. c4 g6 3. Nc3 Bg7 4. Bg5 d6 5. Nf3 O-O 6. e3 h6 7. Bh4 Nbd7 8. h3
a6 9. Be2 c5 10. d5 b5 11. cxb5 Qa5 12. O-O Nb6 13. a4 Bb7 14. e4 g5 15. Bg3
Nfd7 16. Qc2 f5 17. bxa6 Bxa6 18. exf5 Nf6 19. Bxa6 Qxa6 20. Rfd1 Rfb8 21. b3
Nbxd5 22. Nxd5 Nxd5 23. Rxd5 Bxa1 24. f6 Bxf6 25. Qg6+ Bg7 26. Nxg5 hxg5 27.
Rxg5 Kf8 28. Qh7 d5 29. Rxg7 1-0

[Event "New West op"]
[Site "New Westminster"]
[Date "2017.10.07"]
[Round "2.3"]
[White "Kenney, Jason"]
[Black "Salcedo, Daniel E"]
[Result "1/2-1/2"]
[WhiteElo "2228"]
[BlackElo "1954"]
[PlyCount "38"]
[EventDate "2017.10.07"]
[EventType "swiss"]
[EventRounds "6"]
[EventCountry "CAN"]

1. d4 Nf6 2. c4 g6 3. Nc3 d5 4. Nf3 Bg7 5. cxd5 Nxd5 6. e4 Nxc3 7. bxc3 c5 8.
Be3 Qa5 9. Qd2 Nc6 10. Rb1 cxd4 11. cxd4 Qxd2+ 12. Kxd2 O-O 13. Bb5 Rd8 14.
Bxc6 bxc6 15. Rhc1 e5 16. Rxc6 exd4 17. Bf4 Rd7 18. Rd6 Bh6 19. Bxh6 Rxd6
1/2-1/2

[Event "New West op"]
[Site "New Westminster"]
[Date "2017.10.07"]
[Round "2.4"]
[White "Ferguson, Peter"]
[Black "Van, Anna"]
[Result "1-0"]
[WhiteElo "2023"]
[BlackElo "1669"]
[PlyCount "49"]
[EventDate "2017.10.07"]
[EventType "swiss"]
[EventRounds "6"]
[EventCountry "CAN"]

1. e4 c5 2. Nf3 Nc6 3. d4 cxd4 4. Nxd4 e5 5. Nb5 a6 6. N5c3 Nf6 7. Bc4 h6 8.
Be3 Be7 9. Nd5 Nxd5 10. exd5 Nb8 11. d6 Bf6 12. Nc3 O-O 13. Nd5 Qa5+ 14. b4 Qa3
15. Bb3 e4 16. Rb1 Bb2 17. Rxb2 Qxb2 18. Bd4 Qa3 19. Qa1 Nc6 20. Bxg7 Nd8 21.
Nf6+ Kxg7 22. Nh5+ Kg6 23. Qf6+ Kxh5 24. Qf5+ Kh4 25. g3# 1-0

[Event "New West op"]
[Site "New Westminster"]
[Date "2017.10.07"]
[Round "2.5"]
[White "Landingin, Jofrel"]
[Black "Igharas, Gilberto"]
[Result "1-0"]
[WhiteElo "1895"]
[BlackElo "1928"]
[PlyCount "77"]
[EventDate "2017.10.07"]
[EventType "swiss"]
[EventRounds "6"]
[EventCountry "CAN"]

1. Nf3 d5 2. d4 Nf6 3. g3 c6 4. Bg2 Bf5 5. O-O e6 6. c3 Bd6 7. Bg5 Nbd7 8. h3
Qc7 9. Nbd2 h6 10. Bxf6 Nxf6 11. Re1 O-O 12. Nh4 Bh7 13. e4 dxe4 14. Nxe4 Nxe4
15. Bxe4 Bxe4 16. Rxe4 c5 17. d5 Rad8 18. c4 b5 19. b3 exd5 20. cxd5 Be5 21.
Rc1 Bd4 22. Rxd4 Qd6 23. Rd2 g6 24. Qc2 Rc8 25. Qd3 Rfd8 26. Qxb5 Re8 27. Qd3
Re5 28. b4 Kf8 29. bxc5 Rxc5 30. Rxc5 Qxc5 31. Nf3 Rf5 32. Kg2 h5 33. d6 Ke8
34. d7+ Kd8 35. Rc2 Rd5 36. Rxc5 Rxd3 37. Ne5 Rd2 38. Rc8+ Ke7 39. Re8+ 1-0

[Event "New West op"]
[Site "New Westminster"]
[Date "2017.10.07"]
[Round "2.6"]
[White "Lehingrat, Callum"]
[Black "Wu, Lucian"]
[Result "0-1"]
[WhiteElo "1823"]
[BlackElo "1903"]
[PlyCount "78"]
[EventDate "2017.10.07"]
[EventType "swiss"]
[EventRounds "6"]
[EventCountry "CAN"]

1. d4 Nf6 2. c4 g6 3. Nc3 Bg7 4. e4 d6 5. Nf3 O-O 6. Be2 e5 7. O-O Nc6 8. d5
Ne7 9. Ne1 Nd7 10. Nd3 f5 11. f3 f4 12. Bd2 g5 13. Rc1 Nf6 14. c5 Ng6 15. Nb5
Rf7 16. Ba5 b6 17. cxb6 axb6 18. Be1 h5 19. Qc2 Ne8 20. Nb4 g4 21. Nc6 Qg5 22.
Bc4 gxf3 23. Rxf3 Bg4 24. Rc3 f3 25. g3 Bh3 26. Bf1 Bxf1 27. Kxf1 Bh6 28. Qf2
Qg4 29. Bd2 Bxd2 30. Qxd2 Qh3+ 31. Kf2 Qxh2+ 32. Ke3 Qxg3 33. Qf2 Qf4+ 34. Kd3
Nf6 35. Rc4 Ng4 36. Qd2 Qg3 37. Kc2 f2 38. Rc3 Qg1 39. Qg5 Qxc1+ 0-1

[Event "New West op"]
[Site "New Westminster"]
[Date "2017.10.07"]
[Round "2.7"]
[White "Williamson, Jason"]
[Black "Gu, Chuyang"]
[Result "1/2-1/2"]
[WhiteElo "1899"]
[BlackElo "1775"]
[PlyCount "126"]
[EventDate "2017.10.07"]
[EventType "swiss"]
[EventRounds "6"]
[EventCountry "CAN"]

1. e4 c5 2. Nf3 d6 3. d4 cxd4 4. Nxd4 Nf6 5. Nc3 g6 6. Be3 Bg7 7. f3 O-O 8. Qd2
Nc6 9. Bc4 Bd7 10. O-O-O Rc8 11. Bb3 Ne5 12. h4 Nc4 13. Bxc4 Rxc4 14. h5 Nxh5
15. g4 Nf6 16. Bh6 Bxh6 17. Qxh6 Rxc3 18. bxc3 Qa5 19. Rd3 Rc8 20. Kd2 Qxa2 21.
g5 Nh5 22. Rxh5 gxh5 23. Nf5 Bxf5 24. exf5 Qc4 25. g6 fxg6 26. fxg6 hxg6 27.
Qxg6+ Kf8 28. Qf5+ Ke8 29. Qxh5+ Kd8 30. Qa5+ Kd7 31. Qxa7 Rc7 32. Qe3 b5 33.
Rd4 Qc5 34. Qd3 Qg5+ 35. f4 Qg2+ 36. Kc1 Rc5 37. Rb4 Qc6 38. Kb2 Kc7 39. Re4
Kd8 40. Qe3 Qb7 41. Rd4 Rc4 42. f5 Qc6 43. f6 exf6 44. Qf4 d5 45. Qb8+ Ke7 46.
Rd3 Re4 47. Rg3 Ke6 48. Qg8+ Ke5 49. Rd3 b4 50. Qg3+ Ke6 51. Qg8+ Ke7 52. Qg7+
Ke6 53. Qg8+ Kd6 54. Qf8+ Ke5 55. cxb4 Qb5 56. Qe7+ Kf5 57. Qh7+ Ke6 58. Qg8+
Ke5 59. Qg3+ Ke6 60. Qg8+ Kd6 61. Qd8+ Ke5 62. Qe7+ Kf5 63. Qh7+ Ke6 1/2-1/2

[Event "New West op"]
[Site "New Westminster"]
[Date "2017.10.08"]
[Round "3.2"]
[White "Salcedo, Daniel E"]
[Black "Ferguson, Peter"]
[Result "1-0"]
[WhiteElo "1954"]
[BlackElo "2023"]
[PlyCount "95"]
[EventDate "2017.10.07"]
[EventType "swiss"]
[EventRounds "6"]
[EventCountry "CAN"]

1. d4 g6 2. Nf3 Bg7 3. e4 c6 4. c4 Nh6 5. Bg5 f6 6. Bf4 O-O 7. Nc3 d6 8. h3 e5
9. dxe5 dxe5 10. Be3 Qc7 11. Be2 Rd8 12. Qa4 f5 13. c5 f4 14. Bc4+ Kh8 15. Bd2
Qe7 16. b4 Rd4 17. Qb3 a5 18. Nxd4 exd4 19. Na4 Qxe4+ 20. Kf1 Nf5 21. Re1 Ne3+
22. Bxe3 fxe3 23. Nb6 Qf5 24. Re2 Ra7 25. Nxc8 Qxc8 26. fxe3 Na6 27. g4 axb4
28. exd4 Bxd4 29. Qd3 Qf8+ 30. Kg2 Qxc5 31. Rd1 b5 32. Re8+ Kg7 33. Rg8+ Kh6
34. Bb3 Rd7 35. Qe4 Qg5 36. Rxd4 Nc5 37. Qf4 Qxf4 38. Rxf4 Nd3 39. Re4 Nc1 40.
Rge8 Rd2+ 41. Kg3 Nxa2 42. Bxa2 Rxa2 43. Rxb4 Ra6 44. Re7 g5 45. Rbe4 Ra3+ 46.
Kf2 Ra2+ 47. Ke1 Ra1+ 48. Kd2 1-0

[Event "New West op"]
[Site "New Westminster"]
[Date "2017.10.08"]
[Round "3.4"]
[White "Van, Anna"]
[Black "Tian, Shi Yuan \[Sherry\]"]
[Result "0-1"]
[WhiteElo "1669"]
[BlackElo "1953"]
[PlyCount "120"]
[EventDate "2017.10.07"]
[EventType "swiss"]
[EventRounds "6"]
[EventCountry "CAN"]

1. e4 e6 2. d4 d5 3. e5 c5 4. c3 Nc6 5. Be3 Qb6 6. Qd2 Bd7 7. Nf3 f6 8. exf6
Nxf6 9. Bd3 Bd6 10. O-O O-O 11. Re1 cxd4 12. cxd4 Ng4 13. h3 Nxe3 14. fxe3 Rf6
15. Nc3 h6 16. Rf1 Raf8 17. a3 Be8 18. Kh1 Bb8 19. Rf2 Bh5 20. Be2 Qc7 21. Rg1
Qg3 22. Bd1 Bxf3 23. gxf3 Qxh3+ 24. Rh2 Bxh2 25. Qxh2 Qxh2+ 26. Kxh2 Na5 27. b3
Rc8 28. Na2 b6 29. Rg2 Nb7 30. Kg1 Nd6 31. Rd2 Rff8 32. Kg2 Nb5 33. a4 Nc3 34.
Kg3 Nxa2 35. Rxa2 Rc1 36. Rd2 Rfc8 37. Rd3 R8c3 38. Rxc3 Rxc3 39. Kf2 Kf7 40.
Ke2 Rc1 41. Kd2 Ra1 42. Kc2 h5 43. f4 h4 44. Bg4 Rh1 45. Kd2 h3 46. Ke2 h2 47.
Bf3 Rg1 48. Kf2 h1=Q 49. Bxh1 Rxh1 50. Ke2 Rb1 51. Kd2 Rxb3 52. a5 bxa5 53. Kc2
a4 54. f5 Rb8 55. fxe6+ Ke7 56. Kd3 a3 57. Kc3 a2 58. Kc2 a1=Q 59. Kd3 Qd1+ 60.
Kc3 Rb3# 0-1

[Event "New West op"]
[Site "New Westminster"]
[Date "2017.10.08"]
[Round "3.5"]
[White "Wu, Lucian"]
[Black "Landingin, Jofrel"]
[Result "0-1"]
[WhiteElo "1903"]
[BlackElo "1895"]
[PlyCount "94"]
[EventDate "2017.10.07"]
[EventType "swiss"]
[EventRounds "6"]
[EventCountry "CAN"]

1. d4 e6 2. c4 f5 3. Nc3 Nf6 4. Nf3 d5 5. e3 c6 6. Be2 Bd6 7. O-O O-O 8. a3
Nbd7 9. Qc2 Ne4 10. b4 Qf6 11. c5 Bc7 12. b5 Qh6 13. g3 g5 14. Nxe4 fxe4 15.
Nd2 Qh3 16. bxc6 bxc6 17. Nxe4 dxe4 18. Qxe4 Nf6 19. Qxc6 Ba5 20. Bf3 Rb8 21.
Bg2 Qh5 22. Qd6 Rb3 23. Qc6 Qe8 24. Qf3 Ba6 25. Rd1 Qg6 26. Qc6 Bc4 27. Bd2
Bxd2 28. Rxd2 Rb1+ 29. Rd1 Rfb8 30. h3 Rxa1 31. Rxa1 g4 32. h4 Bd5 33. Bxd5
Nxd5 34. Qd6 Rb2 35. Rf1 Qe4 36. Re1 Qf5 37. Rf1 Kf7 38. Qd7+ Kg6 39. c6 Rc2
40. Qxa7 Rxc6 41. Qa5 Rc2 42. Qe1 Qf3 43. e4 Re2 44. Qc1 Ne3 45. Qxe3 Rxe3 46.
fxe3 Qxg3+ 47. Kh1 Qh3+ 0-1

[Event "New West op"]
[Site "New Westminster"]
[Date "2017.10.08"]
[Round "3.6"]
[White "Escandor, Manuel Omana"]
[Black "Williamson, Jason"]
[Result "1-0"]
[WhiteElo "1804"]
[BlackElo "1899"]
[PlyCount "65"]
[EventDate "2017.10.07"]
[EventType "swiss"]
[EventRounds "6"]
[EventCountry "CAN"]

1. e4 c5 2. f4 Nc6 3. Nf3 g6 4. Bc4 Bg7 5. O-O e6 6. c3 Nge7 7. d3 O-O 8. Be3
d5 9. Bb5 d4 10. Bf2 Qb6 11. Bxc6 Qxb2 12. Bxb7 Bxb7 13. Nbd2 Qxc3 14. Qb3 Ba6
15. Rfc1 Qa5 16. Nc4 Bxc4 17. Rxc4 Rab8 18. Qc2 Rfc8 19. Rc1 Qd8 20. Nd2 Rb5
21. a4 Rb4 22. Bh4 f6 23. e5 Nd5 24. exf6 Bxf6 25. Bxf6 Qxf6 26. Rxc5 Rxc5 27.
Qxc5 Qxf4 28. Qc8+ Kg7 29. Rf1 Qd6 30. Nc4 Qe7 31. Ne5 Nf6 32. Nc6 Qb7 33. Qxe6
1-0

[Event "New West op"]
[Site "New Westminster"]
[Date "2017.10.08"]
[Round "3.7"]
[White "Gu, Chuyang"]
[Black "Lehingrat, Callum"]
[Result "1-0"]
[WhiteElo "1775"]
[BlackElo "1823"]
[PlyCount "71"]
[EventDate "2017.10.07"]
[EventType "swiss"]
[EventRounds "6"]
[EventCountry "CAN"]

1. e4 c5 2. Nf3 d6 3. d4 cxd4 4. Nxd4 Nf6 5. Nc3 a6 6. Bg5 e6 7. f4 h6 8. Bh4
Be7 9. Qf3 Qc7 10. O-O-O Nbd7 11. Bd3 g5 12. fxg5 Ne5 13. Qe2 Nfg4 14. h3 hxg5
15. hxg4 gxh4 16. Kb1 b5 17. Rdf1 Bb7 18. Nf3 Qc5 19. Nxe5 Qxe5 20. Qf2 Kd7 21.
Qb6 Rhb8 22. Rxf7 b4 23. Nb5 Qc5 24. Qc7+ Qxc7 25. Nxc7 Rf8 26. Rxe7+ Kxe7 27.
Nxa8 Bxa8 28. Kc1 Rf2 29. Rxh4 Rxg2 30. Rh7+ Kf6 31. Ra7 Bc6 32. Rxa6 Be8 33.
Rxd6 Rxg4 34. Rb6 Bg6 35. Rxb4 Ke5 36. Kd2 1-0

[Event "New West op"]
[Site "New Westminster"]
[Date "2017.10.08"]
[Round "4.2"]
[White "Nunez Asencio, Jorge"]
[Black "Tian, Shi Yuan \[Sherry\]"]
[Result "0-1"]
[WhiteElo "2263"]
[BlackElo "1953"]
[PlyCount "82"]
[EventDate "2017.10.07"]
[EventType "swiss"]
[EventRounds "6"]
[EventCountry "CAN"]

1. d4 d5 2. Nf3 Nf6 3. c4 c6 4. e3 e6 5. Bd3 Bd6 6. O-O O-O 7. b3 Nbd7 8. Bb2
Re8 9. Ne5 Qc7 10. f4 Ne4 11. Nc3 f5 12. cxd5 exd5 13. Rc1 Ndf6 14. Nb5 Qe7 15.
Nxd6 Qxd6 16. Rc2 Be6 17. Qc1 a5 18. Ba3 Qd8 19. Qe1 Nd7 20. Nf3 Bf7 21. h3 Bh5
22. Kh2 Re6 23. Rg1 Rh6 24. Bxe4 dxe4 25. Ng5 Nf6 26. Rf1 Nd5 27. Bc1 Nb4 28.
Rd2 Rd6 29. Qg3 h6 30. Nxe4 fxe4 31. f5 Rf6 32. Qh4 Qd6+ 33. Kg1 Bf7 34. Qxe4
Re8 35. Qf3 Qd5 36. Qg3 Rxf5 37. Rxf5 Qxf5 38. Rf2 Qb1 39. Rf1 Qg6 40. Qc7 Bd5
41. Rf2 Nd3 0-1

[Event "New West op"]
[Site "New Westminster"]
[Date "2017.10.08"]
[Round "4.3"]
[White "Ferguson, Peter"]
[Black "Landingin, Jofrel"]
[Result "1-0"]
[WhiteElo "2023"]
[BlackElo "1895"]
[PlyCount "79"]
[EventDate "2017.10.07"]
[EventType "swiss"]
[EventRounds "6"]
[EventCountry "CAN"]

1. e4 Nf6 2. e5 Nd5 3. Nf3 d6 4. Be2 Bg4 5. O-O c6 6. exd6 Qxd6 7. b3 Qf6 8. d4
Bxf3 9. Bxf3 e6 10. g3 Bb4 11. Bb2 O-O 12. c4 Ne7 13. a3 Ba5 14. b4 Bb6 15. Nd2
Rd8 16. Ne4 Qf5 17. Re1 h6 18. Qe2 Qh7 19. Rad1 a5 20. d5 cxd5 21. cxd5 Nxd5
22. Nd6 Rxd6 23. Bxd5 Qf5 24. Be4 Qxf2+ 25. Qxf2 Bxf2+ 26. Kxf2 Rxd1 27. Rxd1
Nc6 28. b5 Ne7 29. Rd7 Nd5 30. Rxb7 Rc8 31. b6 Kf8 32. Kf3 g5 33. Bxd5 exd5 34.
Bf6 Kg8 35. Rc7 Rb8 36. b7 Kh7 37. Rxf7+ Kg6 38. Be5 Re8 39. Rf6+ Kg7 40. Re6+
1-0

[Event "New West op"]
[Site "New Westminster"]
[Date "2017.10.08"]
[Round "4.4"]
[White "Escandor, Manuel Omana"]
[Black "Gu, Chuyang"]
[Result "1-0"]
[WhiteElo "1804"]
[BlackElo "1775"]
[PlyCount "51"]
[EventDate "2017.10.07"]
[EventType "swiss"]
[EventRounds "6"]
[EventCountry "CAN"]

1. e4 c5 2. f4 d5 3. exd5 Qxd5 4. Nc3 Qd8 5. Bc4 Nf6 6. Nf3 e6 7. O-O Nc6 8.
Kh1 Bd6 9. d3 a6 10. a4 O-O 11. Be3 Qc7 12. Ng5 e5 13. Nge4 Ng4 14. Bd2 exf4
15. Nxd6 Qxd6 16. Bxf4 Qd4 17. Qd2 Nce5 18. Bb3 Bd7 19. Rae1 Bc6 20. h3 Ng6 21.
hxg4 Nh4 22. Ne4 Rae8 23. Bg3 Qd8 24. Qf2 Ng6 25. Bd6 Bxe4 26. Bxf8 1-0

[Event "New West op"]
[Site "New Westminster"]
[Date "2017.10.08"]
[Round "4.5"]
[White "Van, Anna"]
[Black "Jacobsen, Henrik"]
[Result "1/2-1/2"]
[WhiteElo "1669"]
[BlackElo "1968"]
[PlyCount "35"]
[EventDate "2017.10.07"]
[EventType "swiss"]
[EventRounds "6"]
[EventCountry "CAN"]

1. e4 c5 2. Nc3 Nc6 3. f4 g6 4. Nf3 Bg7 5. Bb5 Nd4 6. O-O Nh6 7. Be2 e6 8. d3
d6 9. Rb1 Bd7 10. Qd2 O-O 11. Nd1 f5 12. c3 Nc6 13. Nf2 Rc8 14. Ng5 Qf6 15.
Nfh3 b5 16. Qe1 a5 17. Qh4 Rc7 18. Bd2 1/2-1/2

[Event "New West op"]
[Site "New Westminster"]
[Date "2017.10.08"]
[Round "4.6"]
[White "Igharas, Gilberto"]
[Black "Wu, Lucian"]
[Result "1-0"]
[WhiteElo "1928"]
[BlackElo "1903"]
[PlyCount "101"]
[EventDate "2017.10.07"]
[EventType "swiss"]
[EventRounds "6"]
[EventCountry "CAN"]

1. e4 e5 2. Nf3 Nc6 3. Bc4 Nf6 4. d3 Be7 5. c3 d6 6. O-O O-O 7. Re1 h6 8. Nbd2
Nh7 9. a4 Ng5 10. Nxg5 Bxg5 11. h3 Ne7 12. Qh5 Qe8 13. Nf1 Bxc1 14. Rexc1 Kh7
15. Ne3 Ng6 16. g3 c6 17. Rf1 Be6 18. f4 Bxc4 19. Nxc4 Rd8 20. Rae1 b5 21. axb5
cxb5 22. Ne3 Qd7 23. Kh2 f6 24. h4 b4 25. c4 a5 26. Nd5 Ne7 27. fxe5 dxe5 28.
Ra1 Nxd5 29. exd5 Qa7 30. Qf5+ Kh8 31. b3 Ra8 32. Ra4 Qc5 33. Rfa1 Ra6 34. Kg2
Rfa8 35. Qf2 Qd6 36. Qe3 Kg8 37. g4 Qd7 38. Qe4 Qa7 39. h5 Kf7 40. Kf3 Qc5 41.
Qe3 Qd6 42. R4a2 Qd7 43. d4 Qd6 44. Qe4 a4 45. c5 Qb8 46. d6 Qb5 47. Qd5+ Kf8
48. dxe5 fxe5 49. Ke4 R8a7 50. Rf2+ Ke8 51. Qe6+ 1-0

[Event "New West op"]
[Site "New Westminster"]
[Date "2017.10.08"]
[Round "4.7"]
[White "Williamson, Jason"]
[Black "Lehingrat, Callum"]
[Result "1-0"]
[WhiteElo "1899"]
[BlackElo "1823"]
[PlyCount "57"]
[EventDate "2017.10.07"]
[EventType "swiss"]
[EventRounds "6"]
[EventCountry "CAN"]

1. e4 c5 2. Nf3 d6 3. d4 cxd4 4. Nxd4 Nf6 5. Nc3 a6 6. Be3 e6 7. f3 b5 8. Qd2
Nbd7 9. O-O-O Bb7 10. g4 Nb6 11. g5 Nfd7 12. h4 Ne5 13. b3 b4 14. Nce2 d5 15.
Nf4 Rc8 16. Qf2 Bc5 17. Nfxe6 fxe6 18. Nxe6 Bxe3+ 19. Qxe3 Qe7 20. exd5 Bxd5
21. Rxd5 Nxd5 22. Qxe5 Nc7 23. Bh3 Nxe6 24. Bxe6 Qc7 25. Qe4 Ra8 26. Re1 Qd6
27. Bc4+ Kd7 28. Qb7+ Qc7 29. Rd1+ 1-0

[Event "New West op"]
[Site "New Westminster"]
[Date "2017.10.09"]
[Round "5.2"]
[White "Kenney, Jason"]
[Black "Escandor, Manuel Omana"]
[Result "1-0"]
[WhiteElo "2228"]
[BlackElo "1804"]
[PlyCount "47"]
[EventDate "2017.10.07"]
[EventType "swiss"]
[EventRounds "6"]
[EventCountry "CAN"]

1. d4 f5 2. c4 Nf6 3. Nf3 e6 4. g3 b6 5. Bg2 Bb7 6. O-O Be7 7. d5 exd5 8. Nd4
g6 9. Nc3 c6 10. cxd5 cxd5 11. Bf4 Ne4 12. Ndb5 Nxc3 13. Nxc3 Bf6 14. Nxd5 Bxd5
15. Bxd5 Nc6 16. e4 fxe4 17. Re1 Rc8 18. Rxe4+ Ne7 19. Bd6 Rf8 20. Qe2 Rf7 21.
Re1 Rg7 22. Qf3 Bxb2 23. Bxe7 Rxe7 24. Qf7# 1-0

[Event "New West op"]
[Site "New Westminster"]
[Date "2017.10.09"]
[Round "5.3"]
[White "Landingin, Jofrel"]
[Black "Salcedo, Daniel E"]
[Result "0-1"]
[WhiteElo "1895"]
[BlackElo "1954"]
[PlyCount "131"]
[EventDate "2017.10.07"]
[EventType "swiss"]
[EventRounds "6"]
[EventCountry "CAN"]

1. Nf3 Nf6 2. g3 g6 3. Bg2 Bg7 4. d4 d6 5. O-O O-O 6. c4 c6 7. Nc3 Qa5 8. e4
Qb4 9. Qb3 Qxb3 10. axb3 Na6 11. Bg5 h6 12. Be3 Nd7 13. Rfd1 Re8 14. d5 Ndc5
15. Nd2 Nd3 16. Ndb1 Ndb4 17. Rd2 Bd7 18. Bf1 c5 19. Na3 Nc7 20. Nc2 Nxc2 21.
Rxc2 Reb8 22. Nb5 Bxb5 23. cxb5 b6 24. Kg2 Rb7 25. Bc4 a6 26. b4 a5 27. bxa5
bxa5 28. Bd2 Nxb5 29. Rxa5 Rxa5 30. Bxa5 Nd4 31. Rd2 Nb3 32. Bxb3 Rxb3 33. Bc3
Bxc3 34. bxc3 Rxc3 35. Kf1 Kg7 36. Ke2 Kf6 37. f4 g5 38. Kf2 g4 39. Re2 Rd3 40.
Ra2 e6 41. Ke2 Rd4 42. Ra6 exd5 43. e5+ Ke7 44. Rxd6 c4 45. Rc6 Kd7 46. Rc5 Rd3
47. Ra5 d4 48. Ra7+ Ke6 49. Ra6+ Ke7 50. Ra7+ Kf8 51. Ra8+ Kg7 52. Ra4 Re3+ 53.
Kd1 Rc3 54. Kd2 Kg6 55. Ra6+ Kf5 56. Rf6+ Ke4 57. Rxf7 Ra3 58. e6 Ra2+ 59. Kc1
Kd3 60. Kb1 Re2 61. f5 c3 62. Rc7 Kd2 63. Ka2 c2 64. Kb2 d3 65. Rc3 Re5 66. Rc7
0-1